Представление документа в формате MARC21

Поле Инд. ПП Название Значение
Тип записи a
Библиографический уровень m
001 Контрольный номер 23e5c9dc-29cc-4e62-907f-81a597a3a3be
005 Дата корректировки 20230530095432.3
008 Кодируемые данные 061218
020 a ISBN 5-06-004553-6
040 a Служба первич. каталог. НБ ТвГУ
041 0_ a Код языка текста rus
080 a Индекс УДК 811.111'37(075.8)
a Индекс УДК 81'37(075.8)
084 a Индекс другой классификации/Индекс ББК Ш143.21-923.32
a Индекс другой классификации/Индекс ББК Ш100.14я73-1
090 a Полочн. индекс Ш143.21
x Авторский знак Н19
100 1_ a Автор Назарова Тамара Борисовна
245 10 a Заглавие Филология и семиотика
b Продолж. заглавия соврем. англ. яз. : учеб. пособие для студентов вузов
c Ответственность Т. Б. Назарова
245 00 a Заглавие Современный английский язык
260 0_ a Место издания Москва
b Издательство Высшая школа
c Дата издания 2003
300 a Объем 189, [2] с.
440 _0 a Серия Для высших учебных заведений
a Серия English
504 a Библиография Библиогр.: с. 169-190 и в примеч. в конце гл.
650 04 a Основная рубрика Английский язык
x Основная подрубрика Семантика
x Основная подрубрика Учебники для вузов
650 04 a Основная рубрика Языкознание
x Основная подрубрика Семиотика
650 04 a Основная рубрика Филология
653 0_ a Ключевые слова Английский язык
a Ключевые слова Лексикология английского языка
a Ключевые слова Омонимы
a Ключевые слова Паронимы
a Ключевые слова Семантика английского языка
a Ключевые слова Семиотика
a Ключевые слова Филология
a Ключевые слова Языкознание
852 41 i Расстановочный признак Проверка 2023
920 a Оператор Хохл
930 a Новая/Ретро учебники
952 c Вид литературы К ру
954 a Дата поступления на обработку 20061219
e Дата перешифровки 20230530